| 000 | 00357nam a22001097a 4500 | ||
|---|---|---|---|
| 008 | 211118b |||||||| |||| 00| 0 eng d | ||
| 020 | _a1863202625 | ||
| 050 |
_aSB994 _b.E26 1999 c.1 |
||
| 245 |
_aEcologically-based Rodent Management of Rodent Pests _cEdited by Grant Singleton, Lyn Hinds, Herwig Leirs, & Zhibin Zhang |
||
| 300 | _a494p. | ||
| 942 |
_2lcc _cBK |
||
| 999 |
_c19124 _d19123 |
||